1228 1302 1911 1397 1648 1628 1714 1391 1865 1010 1054 1187 1393 1701 1358 1973 1714 1570 1337 1678 1626 1315 1670 1867 1078 1617 1474 1392 1341 1828 1938 1286 1075 1274 1824 1396 1257 1789 1418 1461 1531 1628 1882 1873 1112 1923 1500 1700 1065 1988 1926 1337 1095 1109 1782 1008 1648 1317 1657 1753 1890 1818 1885 1966 1492 1839 1336 1601 1302 1945 1280 1396 1591 1458 1904 1015 1887 1183 1351 1721 1100 1261 1735 1868 1573 1120 1767 1781 1229 1604 1449 1926 1453 1106 1257 1649 1385 1795 1773 BCNSPRNW ULIB Ver.6.0+V

เปลี่ยนเป็นภาษาไทย

Change to English
 แสดงรายละเอียดบรรณานุกรม
  กลับหน้าหลัก

Brief Record : Get Marc (ISO 2709) : E-mail record : QR code < ปิดหน้าต่าง
LEADER : 00000nam 2200000uu 4500
001    13399129094
003     ULIB
008    250716s2567||||th 000 0 tha d
020    ^a9786166081107
050  4 ^aH62^bป414ก
100 0  ^aประสิทธิ์ ลีระพันธ์.
245 1  ^aการวิจัยเพื่อเข้าใจปัญหาสุขภาพ :^bแนวคิดและกระบวนการปฏิบัติการ การวิจัยเชิงปริมาณและการวิจัยเชิงคุณภาพ /^cประสิทธิ์ ลีระพันธ์.
246 3  ^aการวิจัยเชิงปริมาณและการวิจัยเชิงคุณภาพ
246 3  ^aแนวคิดและกระบวนการปฏิบัติการ การวิจัยเชิงปริมาณและการวิจัยเชิงคุณภาพ
250    ^aพิมพ์ครั้งที่ 1.
260    ^aกรุงเทพฯ :^bเจริญดีมั่นคงการพิมพ์,^c2567
300    ^a276 หน้า :^bแผนภูมิ ;^c25 ซม.
505 0  ^aความเข้าใจพื้นฐานเกี่ยวกับการวิจัย -- จริยธรรมการวิจัย -- แนวคิดพื้นฐานเรื่องการวิจัย -- กระบวนการของการวิจัย -- การทบทวนวรรณกรรมที่เกี่ยวข้อง -- ขั้นตอนที่ 1 : แหล่งข้อมูลวิจัย -- ขั้นตอนที่ 2 : เครื่องมือเก็บข้อมูลวิจัย -- ขั้นตอนที่ 3 : การเก็บรวบรวมข้อมูลวิจัย -- ขั้นตอนที่ 4 : การวิเคราะห์ข้อมูลวิจัย -- การเขียนรายงานการวิจัยและการเผยแพร่ -- แนวคิดและเทคนิคการเขียนประเด็นของปัญหาวิจัย -- แนวคิดและเทคนิคการเขียนระเบียบวิธีวิจัยและผลการวิจัย
650  4 ^aการวิจัยเชิงปริมาณ.
650  4 ^aวิจัย.
650  4 ^aสุขวิทยา^xวิจัย
650  7 ^aวิจัยเชิงคุณภาพ
650  7 ^aวิจัยเชิงปริมาณ
650  7 ^aสุขภาพ^xวิจัย
945    ^p300^l0^i011840
945    ^p300^l0^i011842
945    ^p300^l0^i011843
999    ^aประนอม เกษจรัล
รายการนี้ยังไม่มีแท็ก
คุณยังไม่ได้ล็อกอิน คุณสามารถมีกิจกรรมร่วมกับเว็บไซต์ได้ แต่ต้องล็อกอินก่อน ::
  ล็อกอิน

รายการสื่อสารสนเทศ

ลำดับที่ ประเภท เลขเรียก/บาร์โค้ด สถานที่ สถานะ
1. การศึกษาทั่วไป
หนังสือสำรอง
สถานะ=หนังสือสำรอง
H62 ป414ก ฉ.1 
  Barcode: 011840
ห้องสมุดวิทยาเขตสวรรค์ประชารักษ์
►หนังสือทั่วไป
บนชั้น
2. การศึกษาทั่วไป
การศึกษาทั่วไป
H62 ป414ก ฉ.2 
  Barcode: 011842
ห้องสมุดวิทยาเขตสวรรค์ประชารักษ์
►หนังสือทั่วไป
บนชั้น
3. การศึกษาทั่วไป
การศึกษาทั่วไป
H62 ป414ก ฉ.3 
  Barcode: 011843
ห้องสมุดวิทยาเขตสวรรค์ประชารักษ์
►หนังสือทั่วไป
บนชั้น

รายการใกล้เคียง
    ผู้แต่ง [ประสิทธิ์ ลีระพันธ์.]

    หัวเรื่อง [การวิจัยเชิงปริมาณ.]
    หัวเรื่อง [วิจัย.]
    หัวเรื่อง [วิจัยเชิงคุณภาพ]
    หัวเรื่อง [วิจัยเชิงปริมาณ]

BibComment


ยังไม่เคยถูกคอมเมนท์

คอมเมนท์ทรัพยากรรายการนี้
  คอมเมนท์: การวิจัยเพื่อเข้..


 Copyright 2026. Bcnsprnw @Library